In quale anno? - Quiz n°24 - Statistics

Statistiche generali
  • Questo quiz è stato fatto 5 volte
  • Il punteggio medio è 5 su 8
Statistiche sulle risposte
Domanda Risposta % Corretto
Cominciano i lavori di costruzione del RMS Titanic. 1909
100%
La Madonna appare per la prima volta a tre pastorelli a Fátima in Portogallo. 1917
100%
L'esercito delle Due Sicilie è sconfitto definitivamente dai Garibaldini nella battaglia del Volturno. 1860
75%
Italia: viene pubblicato sulla stampa nazionale il Manifesto degli intellettuali fascisti, il cui principale artefice è il filosofo Giovanni Gentile 1925
75%
Papa Francesco incontra il maggior Ayatollah Ali al-Sistani a Najaf, in Iraq. È il primo incontro in assoluto tra un Papa e un maggior Ayatollah. 2021
75%
Regno Unito: la principessa Elisabetta di Windsor (erede al trono britannico) e Filippo Mountbatten, duca di Edimburgo, si uniscono in matrimonio. 1947
50%
Pace di Vestfalia: pose fine alla Guerra dei Trent'anni. Per gli Asburgo rappresentò una grave sconfitta. 3 trattati firmati dalla Francia, dalla Svezia, dall'Imperatore e dai principi tedeschi. Essa stabilisce che la Francia conservi i vescovati di Metz, Toul e Verdun e acquistasse l'Alsazia. La Svezia riceve la Pomerania occidentale e il Ducato di Brema, consolidando l'egemonia sul Baltico. Il Palatinato torna al figlio di Federico V. 1648
25%
L'Italia per la prima volta si connette a Internet: il primo ping parte dal Centro Nazionale Universitario di Calcolo Elettronico (CNUCE) di Pisa, oggi CNIT; la risposta arriva prontamente dalla stazione satellitare di Roaring Creek, Pennsylvania. L'Italia diventa così il quarto nodo ARPANET europeo dopo Regno Unito, Norvegia e Germania. 1986
25%
Nessun quiz corrispondente trovato
Distribuzione punteggi
Percentuale di utenti per punteggio
Percentile per numero di risposta
I tuoi punteggi nel tempo
Non hai fatto questo quiz